书目信息 |
| 题名: |
昆虫博物馆
|
|
| 作者: | 李湘涛 主编 | |
| 分册: | ||
| 出版信息: | 北京 时事出版社 2006 |
|
| 页数: | 355页 | |
| 开本: | 24cm | |
| 丛书名: | 自然博物馆系列 | |
| 单 册: | ||
| 中图分类: | Q96-49 | |
| 科图分类: | ||
| 主题词: | 昆虫学--普及读物 , 昆虫学 | |
| 电子资源: | ||
| ISBN: | 7-80009-947-4 | |
| 000 | 00878oam2 2200253 450 | |
| 001 | 010700017975 | |
| 005 | 20061117091321.90 | |
| 010 | @a7-80009-947-4@dCNY98.00 | |
| 100 | @a20060317d2006 em y0chiy0110 ea | |
| 101 | 0 | @achi@eeng |
| 102 | @aCN@b110000 | |
| 105 | @aa z 000yy | |
| 200 | 1 | @a昆虫博物馆@9kun chong bo wu guan@f李湘涛主编 |
| 210 | @a北京@c时事出版社@d2006 | |
| 215 | @a355页@c图@d24cm | |
| 225 | 2 | @a自然博物馆系列 |
| 330 | @a本书配有近3000幅精美珍藏图片,将世界珍奇昆虫尽收其中,另外加以概括性的文字介绍了昆虫各目的分类、分布、形态、生境、习性、繁殖等主要内容,并特别选取了大量的鞘翅目的各种甲虫、鳞翅目的蝴蝶等观赏昆虫,共200多种。 | |
| 461 | 0 | @12001 @a自然博物馆系列 |
| 606 | 0 | @a昆虫学@j普及读物 |
| 606 | 0 | @a昆虫学 |
| 690 | @aQ96-49@v4 | |
| 701 | 0 | @a李湘涛@9li xiang tao@4主编 |
| 801 | 0 | @aCN@bRENTIAN@c20061117 |
| 905 | @a10447@dQ96-49@e19 | |
| 昆虫博物馆/李湘涛主编.-北京:时事出版社,2006 |
| 355页:图;24cm.-(自然博物馆系列) |
| ISBN 7-80009-947-4:CNY98.00 |
| 本书配有近3000幅精美珍藏图片,将世界珍奇昆虫尽收其中,另外加以概括性的文字介绍了昆虫各目的分类、分布、形态、生境、习性、繁殖等主要内容,并特别选取了大量的鞘翅目的各种甲虫、鳞翅目的蝴蝶等观赏昆虫,共200多种。 |
| ● |
| 相关链接 |
|
|
|
|
正题名:昆虫博物馆
索取号:Q96-49/19
 
预约/预借
| 序号 | 登录号 | 条形码 | 馆藏地/架位号 | 状态 | 备注 |
| 1 | 0389907 | 203899077 | 第二样本阅览室/ [索取号:Q96-49/19] | 在馆 | |
| 2 | 0389908 | 203899086 | 第三借阅区/ [索取号:Q96-49/19] | 在馆 |